| 000 | 00428nam a22001697a 4500 | ||
|---|---|---|---|
| 003 | OSt | ||
| 005 | 20210923093542.0 | ||
| 008 | 210923b |||||||| |||| 00| 0 eng d | ||
| 020 | _a04448899361 | ||
| 040 | _cHU | ||
| 082 | _a551.48/APP | ||
| 100 |
_aW.E. KELLY _96372 |
||
| 245 | _aAPPLIED GEOPHYSICS IN HYDROGEOLOGICAL AND ENGINEERING PRACTICE | ||
| 260 |
_aLondon _bELSEVIER _c1993 |
||
| 300 | _a289 | ||
| 942 |
_2ddc _cBOOKS _n0 |
||
| 999 |
_c6141 _d6141 |
||